[Event "Tal Memorial 2012"]
[Site "Moscow"]
[Date "2012.06.12"]
[Round "4"]
[White "Caruana, Fabiano"]
[Black "Tomashevsky, Evgeny"]
[Result "1-0"]
[WhiteElo "2770"]
[BlackElo "2738"]
[PlyCount "63"]
[EventDate "2012.??.??"]
[EventCountry "RUS"]

1. e4 e5 2. Nf3 Nc6 3. Bb5 a6 4. Ba4 Nf6 5. O-O Be7 6. Re1 b5 7. Bb3 O-O 8. a4
b4 9. d3 d6 10. Nbd2 Na5 11. Ba2 c5 12. c3 Rb8 13. d4 Qc7 14. dxe5 dxe5 15. Nc4
Rd8 16. Qe2 b3 17. Nxa5 Qxa5 18. Bb1 c4 19. Qxc4 Rb7 20. Qe2 Rbd7 21. h3 Rd6
22. Be3 h6 23. Nd2 Be6 24. Nc4 Qc7 25. Nxd6 Qxd6 26. a5 Rd7 27. c4 Qb4 28. Bd3
Bc5 29. Red1 Rc7 30. Bxc5 Qxc5 31. Qe1 Kf8 32. Qc3 1-0

[Event "Tal Memorial 2012"]
[Site "Moscow"]
[Date "2012.06.12"]
[Round "4"]
[White "Morozevich, Alexander"]
[Black "Radjabov, Teimour"]
[Result "1/2-1/2"]
[WhiteElo "2769"]
[BlackElo "2784"]
[PlyCount "73"]
[EventDate "2012.??.??"]
[EventCountry "RUS"]

1. e4 e5 2. Nf3 Nc6 3. Bb5 a6 4. Ba4 Nf6 5. O-O Nxe4 6. d4 Be7 7. Re1 b5 8.
Rxe4 d5 9. Nxe5 Nxe5 10. Rxe5 bxa4 11. b3 O-O 12. Ba3 Bxa3 13. Nxa3 Qd6 14. Nb1
f6 15. Re3 Bd7 16. Nc3 Rfe8 17. Rxe8+ Rxe8 18. Qd2 axb3 19. axb3 Qb4 20. h3 Bb5
21. Re1 Rxe1+ 22. Qxe1 Kf7 23. Qe3 c6 24. Nb1 a5 25. Nd2 a4 26. bxa4 Bxa4 27.
c3 Qb2 28. Kh2 Bb5 29. Nf3 g5 30. Ng1 Qc2 31. Qg3 Qe4 32. Nf3 h6 33. Qc7+ Kg6
34. Qd6 Kf7 35. Qc7+ Kg6 36. Qd6 Kf7 37. Qc7+ 1/2-1/2

[Event "Tal Memorial 2012"]
[Site "Moscow"]
[Date "2012.06.12"]
[Round "4"]
[White "Carlsen, Magnus"]
[Black "Grischuk, Alexander"]
[Result "1/2-1/2"]
[WhiteElo "2835"]
[BlackElo "2761"]
[PlyCount "80"]
[EventDate "2012.??.??"]
[EventCountry "RUS"]

1. e4 e5 2. Nf3 Nc6 3. Bb5 a6 4. Ba4 Nf6 5. O-O Be7 6. d3 b5 7. Bb3 O-O 8. a4
b4 9. Nbd2 Bc5 10. Nc4 d6 11. Bg5 h6 12. Bh4 Bg4 13. Ne3 Bxf3 14. gxf3 g5 15.
Bg3 Nd4 16. Bc4 Nh5 17. c3 bxc3 18. bxc3 Ne6 19. Rb1 Nhg7 20. Bd5 Rc8 21. Kh1
Kh8 22. Rg1 Qf6 23. Bc4 a5 24. Rb5 h5 25. Rxa5 h4 26. Ng4 Qe7 27. Qf1 Ra8 28.
Rxc5 dxc5 29. Nxe5 Qf6 30. Qh3 Rxa4 31. Bd5 Ra6 32. Bc4 Rd6 33. f4 Nxf4 34.
Bxf4 Qxf4 35. Nf3 Rg6 36. Rg4 Qc1+ 37. Rg1 Qf4 38. Rg4 Qc1+ 39. Rg1 Qf4 40. Rg4
Qc1+ 1/2-1/2

[Event "Tal Memorial 2012"]
[Site "Moscow"]
[Date "2012.06.13"]
[Round "5"]
[White "Grischuk, Alexander"]
[Black "Caruana, Fabiano"]
[Result "1/2-1/2"]
[WhiteElo "2761"]
[BlackElo "2770"]
[PlyCount "62"]
[EventDate "2012.??.??"]
[EventCountry "RUS"]

1. d4 Nf6 2. c4 g6 3. Nc3 d5 4. Nf3 Bg7 5. Bf4 O-O 6. Rc1 Be6 7. Ng5 c5 8. dxc5
d4 9. Nb5 Nc6 10. Nc7 Bf5 11. Nxa8 e5 12. Bd2 e4 13. e3 h6 14. Nh3 Bxh3 15.
gxh3 Ne5 16. Bg2 Nd3+ 17. Kf1 Nxc1 18. Qxc1 d3 19. Bc3 Qe7 20. Nc7 Qxc7 21.
Bxf6 Bxf6 22. Bxe4 Rd8 23. Bd5 Qxc5 24. Qd1 Rxd5 25. cxd5 Qxd5 26. Rg1 Kg7 27.
Qb3 Qe4 28. Rg4 Qh1+ 29. Rg1 Qe4 30. Rg4 Qh1+ 31. Rg1 Qe4 1/2-1/2

[Event "Tal Memorial 2012"]
[Site "Moscow"]
[Date "2012.06.13"]
[Round "5"]
[White "Aronian, Levon"]
[Black "Morozevich, Alexander"]
[Result "0-1"]
[WhiteElo "2825"]
[BlackElo "2769"]
[PlyCount "80"]
[EventDate "2012.??.??"]
[EventCountry "RUS"]

1. d4 d5 2. c4 e6 3. Nc3 c6 4. e3 Nd7 5. Nf3 f5 6. Bd3 Nh6 7. b3 Bd6 8. Bb2 O-O
9. O-O Rf6 10. Qc2 Nf7 11. Nd2 e5 12. Bxf5 e4 13. Bxh7+ Kxh7 14. cxd5 Rg6 15.
Ndxe4 Nf6 16. Nxf6+ Qxf6 17. f4 Nh6 18. Ne4 Qf5 19. dxc6 Be7 20. c7 Rc6 21. Qb1
Rxc7 22. Nc3 Qxb1 23. Raxb1 Rd7 24. Rbd1 b6 25. e4 Bb7 26. h3 Ng8 27. e5 Rc8
28. d5 Bb4 29. e6 Rdd8 30. Ne4 Rxd5 31. Ng5+ Kg6 32. Rxd5 Bxd5 33. Rd1 Ne7 34.
Bd4 Rc2 35. g4 Bd2 36. Rf1 Bc1 37. Nf3 Bxf4 38. Nh4+ Kg5 39. Nf3+ Kh6 40. h4
Rxa2 0-1

[Event "Tal Memorial 2012"]
[Site "Moscow"]
[Date "2012.06.13"]
[Round "5"]
[White "Tomashevsky, Evgeny"]
[Black "McShane, Luke J"]
[Result "1/2-1/2"]
[WhiteElo "2738"]
[BlackElo "2706"]
[PlyCount "95"]
[EventDate "2012.??.??"]
[EventCountry "RUS"]

1. d4 Nf6 2. c4 d6 3. Nc3 e5 4. Nf3 e4 5. Nd2 Qe7 6. Nb3 h6 7. g3 g6 8. Bg2 Bg7
9. h3 O-O 10. Be3 c6 11. Qd2 Kh7 12. g4 d5 13. g5 hxg5 14. Bxg5 Qd6 15. c5 Qe6
16. f3 b5 17. e3 Nbd7 18. h4 b4 19. Ne2 Nh5 20. Bh3 f5 21. fxe4 dxe4 22. Nf4
Nxf4 23. Bxf4 Nf6 24. Bf1 a5 25. Nc1 Nh5 26. Ne2 Ba6 27. Bd6 Bh6 28. Nf4 Bxf4
29. Bxf4 Nxf4 30. Bxa6 Nh5 31. Be2 Ng3 32. Rg1 f4 33. exf4 e3 34. Qd3 Nxe2 35.
Qxe2 Rxf4 36. h5 Rxd4 37. Rd1 Rxd1+ 38. Qxd1 g5 39. Rxg5 Qf6 40. Qd3+ Kh8 41.
Qxe3 Qxb2 42. Rg6 Qa1+ 43. Kf2 Rf8+ 44. Kg3 Qc3 45. Rh6+ Kg7 46. Rg6+ Kh7 47.
Rh6+ Kg7 48. Rg6+ 1/2-1/2

[Event "Tal Memorial 2012"]
[Site "Moscow"]
[Date "2012.06.13"]
[Round "5"]
[White "Radjabov, Teimour"]
[Black "Carlsen, Magnus"]
[Result "0-1"]
[WhiteElo "2784"]
[BlackElo "2835"]
[PlyCount "118"]
[EventDate "2012.??.??"]
[EventCountry "RUS"]

1. e4 e5 2. Nf3 Nc6 3. d4 exd4 4. Nxd4 Bc5 5. Nxc6 Qf6 6. Qf3 bxc6 7. Qg3 d6 8.
Nc3 Qg6 9. Bd3 Nf6 10. Na4 Bd4 11. c3 Bb6 12. O-O Qxg3 13. hxg3 Ng4 14. Bf4 f6
15. Rad1 h5 16. Be2 Be6 17. Nxb6 axb6 18. a3 Ke7 19. f3 Ne5 20. Kf2 b5 21. Bxe5
fxe5 22. Ke3 h4 23. gxh4 Rxh4 24. Rh1 Rah8 25. Rxh4 Rxh4 26. Rc1 Rh2 27. Kf2
Rh8 28. Ke3 g5 29. Bd3 Kd7 30. Ra1 Bb3 31. Rc1 Kc8 32. Kf2 Kb7 33. Kg3 Be6 34.
Ra1 Kb6 35. Rc1 c5 36. Ra1 c4 37. Bc2 Kc5 38. Re1 c6 39. Bb1 Kb6 40. Bc2 Kc7
41. Kf2 Kd7 42. a4 bxa4 43. Ra1 Rb8 44. Ra2 d5 45. exd5 cxd5 46. Bxa4+ Kd6 47.
Bc2 d4 48. Be4 Rb6 49. Ke2 g4 50. fxg4 Bxg4+ 51. Kd2 Be6 52. Kc2 Bd5 53. Bxd5
d3+ 54. Kd2 Kxd5 55. Ke3 Rg6 56. Ra5+ Ke6 57. Ke4 Rg4+ 58. Kf3 Rf4+ 59. Ke3 Rf1
0-1

[Event "Tal Memorial 2012"]
[Site "Moscow"]
[Date "2012.06.14"]
[Round "6"]
[White "Grischuk, Alexander"]
[Black "Radjabov, Teimour"]
[Result "1/2-1/2"]
[WhiteElo "2761"]
[BlackElo "2784"]
[PlyCount "81"]
[EventDate "2012.??.??"]
[EventCountry "RUS"]

1. e4 c5 2. Nf3 Nc6 3. Bb5 e6 4. Bxc6 bxc6 5. b3 d6 6. e5 dxe5 7. Nxe5 Qd5 8.
Nf3 Qe4+ 9. Kf1 Qf5 10. Na3 Nf6 11. d3 Nd5 12. Nc4 Ba6 13. Qe2 Bxc4 14. bxc4
Qf6 15. Rb1 Nc3 16. Bb2 Rb8 17. Qe1 Bd6 18. Bxc3 Rxb1 19. Bxf6 Rxe1+ 20. Kxe1
gxf6 21. Ke2 Kd7 22. Rb1 Kc7 23. g4 h6 24. Nd2 h5 25. gxh5 Rxh5 26. Nf3 Rh8 27.
a4 a5 28. Rg1 Kd7 29. Nd2 Rxh2 30. Nb3 Rh8 31. Rg7 Ke7 32. Nxa5 Ra8 33. Nb7
Rxa4 34. Nxd6 Kxd6 35. Rxf7 f5 36. Rf8 Ra2 37. Kd2 Ra1 38. Rd8+ Kc7 39. Re8 Kd6
40. Rd8+ Kc7 41. Re8 1/2-1/2

[Event "Tal Memorial 2012"]
[Site "Moscow"]
[Date "2012.06.14"]
[Round "6"]
[White "Carlsen, Magnus"]
[Black "Aronian, Levon"]
[Result "1/2-1/2"]
[WhiteElo "2835"]
[BlackElo "2825"]
[PlyCount "120"]
[EventDate "2012.??.??"]
[EventCountry "RUS"]

1. e4 e5 2. Nf3 Nc6 3. Bb5 Nf6 4. O-O Nxe4 5. d4 Nd6 6. Bxc6 dxc6 7. dxe5 Nf5
8. Qxd8+ Kxd8 9. Nc3 Ke8 10. b3 Be6 11. Bb2 Bb4 12. Ne2 Bd5 13. Ne1 h5 14. Nd3
Be7 15. Nef4 Rh6 16. c4 Be4 17. Rad1 g5 18. Rfe1 Bxd3 19. Nxd3 b5 20. c5 Ng7
21. b4 a5 22. a3 Ne6 23. g3 g4 24. Kg2 Rg6 25. Nf4 Rg5 26. Bc1 Rf5 27. h3 gxh3+
28. Nxh3 axb4 29. axb4 Ra4 30. Bd2 Ra3 31. f4 h4 32. Re3 Rxe3 33. Bxe3 hxg3 34.
Kxg3 Rh5 35. Bf2 f5 36. exf6 Bxf6 37. Kg4 Rxh3 38. Kxh3 Nxf4+ 39. Kg4 Nd5 40.
Bd4 Kf7 41. Kf5 Ne7+ 42. Ke4 Bxd4 43. Kxd4 Ke6 44. Re1+ Kd7 45. Ke5 Nd5 46. Re4
Kc8 47. Ke6 Nc3 48. Rh4 Nd5 49. Rd4 Kd8 50. Rg4 Kc8 51. Rh4 Kb7 52. Kd7 Nf6+
53. Kd8 Nd5 54. Rg4 Kb8 55. Rd4 Kb7 56. Kd7 Nc3 57. Ke6 Kc8 58. Rd3 Nd5 59. Rd4
Nc3 60. Rd3 Nd5 1/2-1/2

[Event "Tal Memorial 2012"]
[Site "Moscow"]
[Date "2012.06.14"]
[Round "6"]
[White "Caruana, Fabiano"]
[Black "McShane, Luke J"]
[Result "1-0"]
[WhiteElo "2770"]
[BlackElo "2706"]
[PlyCount "133"]
[EventDate "2012.??.??"]
[EventCountry "RUS"]

1. d4 Nf6 2. c4 d6 3. Nc3 e5 4. Nf3 e4 5. Nd2 Qe7 6. Nb3 Bf5 7. Bg5 Nbd7 8. e3
h6 9. Bh4 g5 10. Bg3 a6 11. Na5 Rb8 12. b4 Bg7 13. Be2 O-O 14. Rb1 Bg6 15. h4
g4 16. h5 Bxh5 17. b5 axb5 18. Rxb5 Bg6 19. Nxb7 Rfc8 20. Na5 Ra8 21. Nc6 Qe8
22. a4 Nf8 23. Nd5 Nxd5 24. cxd5 f5 25. a5 Bf7 26. Qc2 Ng6 27. Bh4 Nxh4 28.
Rxh4 h5 29. g3 Bf6 30. Rh1 h4 31. gxh4 Kh8 32. Kd2 Qg8 33. Bc4 g3 34. Rg1 g2
35. Kc3 Bxh4 36. Qe2 Qg5 37. Rb2 Bh5 38. Rxg2 Bxe2 39. Rxg5 Bxg5 40. Rxe2 Kg7
41. a6 Rh8 42. a7 Rh1 43. Kb2 Bh4 44. Rc2 Kf6 45. Ba6 Kg5 46. Bb7 Rxa7 47. Nxa7
Rf1 48. Nc6 Rxf2 49. Na5 f4 50. Nc4 Rxc2+ 51. Kxc2 fxe3 52. Nxe3 Bf2 53. Kd2
Kf4 54. Nc2 Kf3 55. Ba6 Bh4 56. Be2+ Kf2 57. Bh5 Bg5+ 58. Kc3 Bf6 59. Na3 Ke3
60. Nb5 Bh4 61. Nxc7 Be1+ 62. Kc4 Kd2 63. Nb5 e3 64. Nxd6 e2 65. Nf7 Bf2 66.
Bxe2 Kxe2 67. d6 1-0

[Event "Tal Memorial 2012"]
[Site "Moscow"]
[Date "2012.06.16"]
[Round "7"]
[White "Aronian, Levon"]
[Black "Grischuk, Alexander"]
[Result "1/2-1/2"]
[WhiteElo "2825"]
[BlackElo "2761"]
[PlyCount "56"]
[EventDate "2012.??.??"]
[EventCountry "RUS"]

1. d4 Nf6 2. Nf3 e6 3. c4 b6 4. g3 Bb4+ 5. Bd2 Bxd2+ 6. Qxd2 Ba6 7. b3 c6 8.
Nc3 d5 9. e4 Nxe4 10. Nxe4 dxe4 11. Ng5 c5 12. Bg2 Nc6 13. dxc5 Qxd2+ 14. Kxd2
f5 15. Nxe6 Kf7 16. Nf4 bxc5 17. f3 Rad8+ 18. Kc3 e3 19. Nd3 Rhe8 20. Nxc5 e2
21. Nxa6 Re3+ 22. Kc2 Red3 23. Rae1 Rd2+ 24. Kc1 Rxa2 25. f4 Rdd2 26. Bxc6
Rac2+ 27. Kb1 Rb2+ 28. Ka1 Ra2+ 1/2-1/2

[Event "Tal Memorial 2012"]
[Site "Moscow"]
[Date "2012.06.16"]
[Round "7"]
[White "Tomashevsky, Evgeny"]
[Black "Morozevich, Alexander"]
[Result "1-0"]
[WhiteElo "2738"]
[BlackElo "2769"]
[PlyCount "82"]
[EventDate "2012.??.??"]
[EventCountry "RUS"]

1. d4 Nf6 2. c4 g6 3. Nc3 Bg7 4. e4 d6 5. Nf3 O-O 6. h3 e5 7. d5 a5 8. g4 Na6
9. Be3 Bd7 10. Nd2 Kh8 11. Be2 Ng8 12. h4 f5 13. gxf5 gxf5 14. exf5 Nc5 15.
Nde4 Nxe4 16. Nxe4 Bxf5 17. Ng3 Bh6 18. Qd2 Bxe3 19. fxe3 Bd7 20. O-O-O Nf6 21.
Rdf1 Qe7 22. Bd3 b6 23. Bc2 Rf7 24. Nf5 Bxf5 25. Rxf5 Raf8 26. Qg2 Ne8 27. Rh5
e4 28. Rg5 Rf2 29. Qg3 R2f3 30. Qg2 Qf6 31. Rg1 Ng7 32. Rg4 Rf1+ 33. Rxf1 Qxf1+
34. Qxf1 Rxf1+ 35. Kd2 Rf2+ 36. Kc3 Nf5 37. Rxe4 Kg7 38. Rg4+ Kh6 39. Bxf5 Rxf5
40. Re4 Rf7 41. b4 a4 1-0

[Event "Tal Memorial 2012"]
[Site "Moscow"]
[Date "2012.06.16"]
[Round "7"]
[White "Radjabov, Teimour"]
[Black "Caruana, Fabiano"]
[Result "1/2-1/2"]
[WhiteElo "2784"]
[BlackElo "2770"]
[PlyCount "126"]
[EventDate "2012.??.??"]
[EventCountry "RUS"]

1. d4 Nf6 2. c4 g6 3. Nc3 d5 4. cxd5 Nxd5 5. e4 Nxc3 6. bxc3 Bg7 7. Nf3 c5 8.
Rb1 O-O 9. Be2 cxd4 10. cxd4 Qa5+ 11. Qd2 Qxd2+ 12. Bxd2 Rd8 13. d5 Na6 14. Rc1
f5 15. e5 h6 16. Bc4 Kh8 17. O-O g5 18. Rfd1 f4 19. Bxa6 bxa6 20. Ba5 Rg8 21.
e6 Rb8 22. a4 Bb7 23. Rc7 g4 24. Nh4 Bf6 25. Nf5 Bxd5 26. Nxe7 Bxe7 27. Rxe7
Rg5 28. Bc7 Rb4 29. Re8+ Rg8 30. Be5+ Kh7 31. Re7+ Kg6 32. Rxa7 Re4 33. Bxf4
Bb3 34. Rb1 Bxa4 35. Be3 Bb5 36. e7 Re8 37. Bc5 Rc8 38. Be3 Re8 39. Rd1 h5 40.
Rd5 h4 41. h3 gxh3 42. gxh3 R4xe7 43. Rxe7 Rxe7 44. Rg5+ Kf6 45. Rg4 Rh7 46.
Bg5+ Kf7 47. Bxh4 Bd7 48. Rf4+ Kg8 49. Kh2 a5 50. Kg3 Rg7+ 51. Kh2 Rh7 52. Rd4
a4 53. Rd3 a3 54. Bf6 a2 55. f4 Rf7 56. Be5 Rh7 57. Ra3 Be6 58. Kg2 Kf7 59.
Ra7+ Kg8 60. Ra6 Bxh3+ 61. Kg3 Bd7 62. Rxa2 Rh3+ 63. Kg2 Rd3 1/2-1/2

[Event "Tal Memorial 2012"]
[Site "Moscow"]
[Date "2012.06.16"]
[Round "7"]
[White "McShane, Luke J"]
[Black "Kramnik, Vladimir"]
[Result "1-0"]
[WhiteElo "2706"]
[BlackElo "2801"]
[PlyCount "187"]
[EventDate "2012.??.??"]
[EventCountry "RUS"]

1. e4 e5 2. Nf3 Nc6 3. Bb5 Nf6 4. O-O Nxe4 5. Re1 Nd6 6. Nxe5 Be7 7. Bf1 Nxe5
8. Rxe5 O-O 9. d4 Bf6 10. Re1 Re8 11. Bf4 Rxe1 12. Qxe1 Ne8 13. Nc3 Bxd4 14.
Nd5 d6 15. Bg5 Bf6 16. Nxf6+ Nxf6 17. Bxf6 gxf6 18. Qe4 f5 19. Qe3 Be6 20. Qg3+
Kf8 21. Qc3 Ke7 22. Re1 Kd7 23. Bc4 Qh8 24. Bxe6+ fxe6 25. Qb3 Re8 26. Qxb7 Rb8
27. Qxa7 Qxb2 28. Qa4+ Qb5 29. Qh4 Qa5 30. Qxh7+ Kc6 31. Rc1 Qxa2 32. Qh5 Qb2
33. Qd1 Kd7 34. g3 e5 35. c4 Ke7 36. Qe1 Rb3 37. c5 d5 38. Rd1 c6 39. Qa5 Kd7
40. Qa4 Rb5 41. Qh4 Rxc5 42. Qh7+ Kd6 43. Qg6+ Kc7 44. Qxf5 e4 45. h4 Rc3 46.
Qe5+ Kb7 47. h5 Rb3 48. Qe7+ Kb6 49. Qd8+ Kb7 50. Qd7+ Kb6 51. Qd8+ Kb7 52.
Qe7+ Kb6 53. Qe8 Kb7 54. h6 Rf3 55. Qe7+ Ka6 56. Qc5 Kb7 57. Qe7+ Ka6 58. Qc5
Kb7 59. Rc1 Rf6 60. h7 Rh6 61. Kg2 Qb3 62. Qe7+ Kb6 63. Qd8+ Kb7 64. Qd7+ Kb6
65. Rxc6+ Rxc6 66. Qd8+ Ka7 67. Qd7+ Kb6 68. Qd8+ Ka7 69. h8=Q Qf3+ 70. Kh3
Rh6+ 71. Qxh6 Qh1+ 72. Kg4 Qxh6 73. Qxd5 Qf6 74. Qf5 Qd4 75. Qf4 Kb7 76. Kf5
Qd5+ 77. Qe5 Qf7+ 78. Qf6 Qd5+ 79. Kf4 Qd2+ 80. Kxe4 Qe2+ 81. Kd5 Qa2+ 82. Kd6
Qa3+ 83. Ke6 Qa2+ 84. Ke7 Qe2+ 85. Kf7 Qh5+ 86. Kg7 Qg4+ 87. Qg6 Qd4+ 88. Qf6
Qg4+ 89. Kh6 Qe2 90. Kg5 Kc7 91. f4 Qf3 92. Qe5+ Kd7 93. f5 Qf1 94. f6 1-0

[Event "Tal Memorial 2012"]
[Site "Moscow"]
[Date "2012.06.17"]
[Round "8"]
[White "Caruana, Fabiano"]
[Black "Kramnik, Vladimir"]
[Result "1-0"]
[WhiteElo "2770"]
[BlackElo "2801"]
[PlyCount "79"]
[EventDate "2012.??.??"]
[EventCountry "RUS"]

1. e4 e5 2. Nf3 Nc6 3. d4 exd4 4. Nxd4 Nf6 5. Nxc6 bxc6 6. e5 Qe7 7. Qe2 Nd5 8.
c4 Ba6 9. Nd2 g6 10. Nf3 Bg7 11. Bg5 f6 12. exf6 Qxe2+ 13. Bxe2 Nxf6 14. O-O-O
O-O-O 15. Be3 Rde8 16. Bd3 d6 17. c5 Bxd3 18. Rxd3 Nd5 19. cxd6 cxd6 20. Bxa7
Kc7 21. Be3 Ra8 22. a3 Ra4 23. Re1 Rf8 24. Ng5 Re8 25. Bb6+ Kd7 26. Rxe8 Kxe8
27. Be3 Kd7 28. Rb3 Kc8 29. Bd2 h5 30. Nf7 Kc7 31. Rg3 Ne7 32. b4 Kd7 33. Rd3
d5 34. Kc2 Nf5 35. Bc3 d4 36. Kb3 Ra8 37. Ng5 Kd6 38. f3 Kd5 39. Ne4 Ne3 40.
Rxe3 1-0

[Event "Tal Memorial 2012"]
[Site "Moscow"]
[Date "2012.06.17"]
[Round "8"]
[White "Morozevich, Alexander"]
[Black "McShane, Luke J"]
[Result "0-1"]
[WhiteElo "2769"]
[BlackElo "2706"]
[PlyCount "80"]
[EventDate "2012.??.??"]
[EventCountry "RUS"]

1. d4 d5 2. c4 c6 3. Nf3 Nf6 4. Nc3 a6 5. e3 b5 6. b3 Bg4 7. h3 Bxf3 8. gxf3
Nbd7 9. Bg2 e6 10. Bd2 Be7 11. f4 O-O 12. O-O bxc4 13. bxc4 Nb6 14. c5 Nc4 15.
Be1 Kh8 16. Ne2 Rg8 17. Ng3 g5 18. Qf3 g4 19. hxg4 Nxg4 20. Rc1 Qf8 21. Bh3 Nf6
22. Kh2 Rb8 23. e4 Rxg3 24. fxg3 dxe4 25. Qc3 Nb2 26. Rb1 Nd5 27. Qd2 Nc4 28.
Rxb8 Qxb8 29. Qe2 Nce3 30. Rh1 Bf6 31. Bg2 Bxd4 32. Bxe4 Nxf4 33. gxf4 Qxf4+
34. Bg3 Qxe4 35. Re1 Qf5 36. Bd6 Ng4+ 37. Kg2 Ne3+ 38. Kh2 e5 39. Rg1 Qf4+ 40.
Kh3 Qh6+ 0-1

[Event "Tal Memorial 2012"]
[Site "Moscow"]
[Date "2012.06.17"]
[Round "8"]
[White "Carlsen, Magnus"]
[Black "Tomashevsky, Evgeny"]
[Result "1/2-1/2"]
[WhiteElo "2835"]
[BlackElo "2738"]
[PlyCount "169"]
[EventDate "2012.??.??"]
[EventCountry "RUS"]

1. c4 e5 2. Nc3 Nf6 3. Nf3 Nc6 4. g3 Bc5 5. Bg2 d6 6. O-O a6 7. a3 O-O 8. b4
Ba7 9. d3 h6 10. Bb2 Rb8 11. Rc1 Be6 12. Nd2 Ne7 13. e3 Qd7 14. Ne2 Bg4 15. Re1
Ng6 16. Qc2 c6 17. d4 Rbe8 18. c5 Bb8 19. dxe5 dxe5 20. Nc4 Bh3 21. Rcd1 Qe6
22. Na5 Bxg2 23. Kxg2 Re7 24. e4 Qg4 25. Ng1 Nh4+ 26. Kh1 Nf3 27. Nxf3 Qxf3+
28. Kg1 Qg4 29. Rd3 Qc8 30. Nc4 Qe6 31. f3 Bc7 32. Red1 Rd7 33. Nd6 Bxd6 34.
Rxd6 Rxd6 35. Rxd6 Qa2 36. Kg2 Re8 37. Qc3 Nh7 38. Rd2 Nf8 39. Bc1 Qe6 40. Rd6
Qa2+ 41. Qb2 Qxb2+ 42. Bxb2 f6 43. Kh3 Re7 44. Kg4 Kf7 45. Bc1 Rd7 46. Be3 Rxd6
47. cxd6 Nd7 48. a4 b6 49. a5 bxa5 50. bxa5 c5 51. Kh5 Kg8 52. f4 exf4 53. gxf4
Kf7 54. Bd2 Nf8 55. Be3 Nd7 56. f5 c4 57. Bd4 Ke8 58. Kg6 Kf8 59. Bc3 Kg8 60.
Bd4 Kf8 61. h3 Kg8 62. Bc3 Kf8 63. h4 Kg8 64. e5 fxe5 65. f6 gxf6 66. h5 f5 67.
Kxf5 Kf7 68. Bb4 e4 69. Kxe4 Ke6 70. Kd4 Nf6 71. Kxc4 Nxh5 72. Kc5 Nf6 73. Kc6
Nd7 74. Be1 h5 75. Bg3 Nf8 76. Kb7 h4 77. Bh2 Kd5 78. Kxa6 Kc6 79. Ka7 Nd7 80.
a6 Nc5 81. Bf4 h3 82. Bg3 Kb5 83. Bh2 Kc6 84. Bg3 Kb5 85. Bh2 1/2-1/2

[Event "Tal Memorial 2012"]
[Site "Moscow"]
[Date "2012.06.18"]
[Round "9"]
[White "Aronian, Levon"]
[Black "Caruana, Fabiano"]
[Result "1-0"]
[WhiteElo "2825"]
[BlackElo "2770"]
[PlyCount "107"]
[EventDate "2012.??.??"]
[EventCountry "RUS"]

1. d4 Nf6 2. c4 g6 3. f3 d5 4. cxd5 Nxd5 5. e4 Nb6 6. Nc3 Bg7 7. Be3 O-O 8. Qd2
Nc6 9. O-O-O Qd6 10. Kb1 Rd8 11. Nb5 Qd7 12. d5 a6 13. Nc3 Qe8 14. Qe1 Ne5 15.
Be2 e6 16. Bxb6 cxb6 17. f4 Nd7 18. dxe6 Qxe6 19. Nf3 Qe8 20. Qh4 Bf6 21. Ng5
Nf8 22. Bc4 Kg7 23. Qg3 Bxg5 24. fxg5 Be6 25. Nd5 Bxd5 26. Bxd5 Rd7 27. h4 Rc8
28. a3 Qd8 29. Qf2 Ne6 30. Ka2 Qe7 31. Rhf1 b5 32. Rd3 Rcc7 33. Kb1 a5 34. g4
a4 35. Rf3 Qd6 36. Rf6 Qc5 37. Qg3 b4 38. axb4 Qc2+ 39. Ka1 a3 40. bxa3 Rxd5
41. exd5 Nd4 42. Rxf7+ Rxf7 43. Qe5+ Kf8 44. Qb8+ Kg7 45. Rxf7+ Kxf7 46. Qxb7+
Ke8 47. Qb8+ Kd7 48. Qa7+ Kd6 49. Qxd4 Qc1+ 50. Ka2 Qc2+ 51. Qb2 Qc4+ 52. Ka1
Qxg4 53. Qf2 Kxd5 54. Qc5+ 1-0

[Event "Tal Memorial 2012"]
[Site "Moscow"]
[Date "2012.06.18"]
[Round "9"]
[White "Tomashevsky, Evgeny"]
[Black "Grischuk, Alexander"]
[Result "1/2-1/2"]
[WhiteElo "2738"]
[BlackElo "2761"]
[PlyCount "94"]
[EventDate "2012.??.??"]
[EventCountry "RUS"]

1. d4 Nf6 2. c4 g6 3. Nc3 Bg7 4. e4 d6 5. f3 O-O 6. Nge2 c5 7. d5 e6 8. Ng3
exd5 9. cxd5 Nbd7 10. Be2 h5 11. Bg5 Qb6 12. Qb3 Qc7 13. O-O Nh7 14. Be3 a6 15.
a4 h4 16. Nh1 f5 17. exf5 gxf5 18. Bd2 f4 19. Nf2 Ne5 20. Nce4 Nf6 21. Nxf6+
Rxf6 22. Ne4 Rf8 23. Kh1 Bd7 24. a5 Rae8 25. Rae1 Bc8 26. Ng5 Qe7 27. Ne6 Bxe6
28. dxe6 d5 29. Bc3 c4 30. Qb6 Qxe6 31. Qxb7 Rf7 32. Qb4 Qc6 33. Bd4 Nd7 34.
Bxg7 Rxg7 35. Bd1 Re3 36. Bc2 Qc5 37. Qb7 Nf8 38. Qb6 Qxb6 39. axb6 Rb7 40. Rd1
Re5 41. b3 Re2 42. Rc1 Rxb6 43. bxc4 h3 44. Rfe1 hxg2+ 45. Kg1 Rxe1+ 46. Rxe1
Rc6 47. Kxg2 Rxc4 1/2-1/2

[Event "Tal Memorial 2012"]
[Site "Moscow"]
[Date "2012.06.18"]
[Round "9"]
[White "Kramnik, Vladimir"]
[Black "Morozevich, Alexander"]
[Result "1/2-1/2"]
[WhiteElo "2801"]
[BlackElo "2769"]
[PlyCount "143"]
[EventDate "2012.??.??"]
[EventCountry "RUS"]

1. Nf3 d5 2. d4 Nf6 3. c4 c6 4. Nc3 e6 5. Bg5 dxc4 6. e4 b5 7. e5 h6 8. Bh4 g5
9. Nxg5 hxg5 10. Bxg5 Be7 11. exf6 Bxf6 12. Bxf6 Qxf6 13. a4 Rh4 14. axb5 Rxd4
15. Qf3 Qxf3 16. gxf3 Bb7 17. Rg1 Nd7 18. Rg8+ Nf8 19. Be2 cxb5 20. Nxb5 Rd7
21. h4 f5 22. h5 Kf7 23. Rg3 Bd5 24. O-O-O Rad8 25. Nc3 Bc6 26. Rh1 Kf6 27.
Bxc4 Rh7 28. Kc2 Be8 29. Rgh3 Bf7 30. Rh4 Rc8 31. b3 Nd7 32. Be2 Ne5 33. f4 Nc6
34. Rd1 Rch8 35. Rd7 Be8 36. Rxh7 Rxh7 37. Kd2 Rd7+ 38. Ke1 Nd4 39. Bd1 Kg7 40.
Rh3 Rb7 41. Na4 Bc6 42. Nc5 Rb5 43. Nd3 Be8 44. Ne5 Rb4 45. Kd2 Nc6 46. Nc4 Ne7
47. Nd6 Rb8 48. h6+ Kh7 49. Re3 Bd7 50. Nf7 Nd5 51. Rg3 Rg8 52. Rxg8 Kxg8 53.
Ng5 Nxf4 54. b4 Bc6 55. Ke3 e5 56. Bb3+ Bd5 57. Bc2 Ba2 58. b5 Nd5+ 59. Kd2 e4
60. Bd1 Bc4 61. Bh5 Nf6 62. Bg6 f4 63. Bxe4 Nxe4+ 64. Nxe4 Bxb5 65. Ng5 a5 66.
Kc3 Be2 67. Kd4 a4 68. Kc3 Bd1 69. Kb4 Kh8 70. Ne6 Kh7 71. Nxf4 Kxh6 72. Nd3
1/2-1/2

[Event "Russian Higher League"]
[Site "Tyumen RUS"]
[Date "2012.06.16"]
[Round "1"]
[White "Lintchevski, D."]
[Black "Jakovenko, D."]
[Result "1/2-1/2"]
[WhiteElo "2563"]
[BlackElo "2736"]
[PlyCount "80"]
[EventDate "2012.06.16"]

1. e4 c5 2. Nf3 e6 3. d4 cxd4 4. Nxd4 Nc6 5. Nc3 Qc7 6. Be2 a6 7. O-O Nf6 8.
Be3 Be7 9. f4 d6 10. Kh1 O-O 11. Qe1 Nxd4 12. Bxd4 b5 13. a3 Bb7 14. Qg3 Rad8
15. Rae1 Rd7 16. Bd3 Qd8 17. Qh3 g6 18. f5 e5 19. Be3 Nh5 20. Nd5 Bxd5 21. exd5
Bf6 22. fxg6 fxg6 23. c3 Rdf7 24. g3 Bg5 25. Bg1 Kg7 26. Qg2 Qc8 27. Rxf7+ Rxf7
28. Rf1 Rxf1 29. Qxf1 Qb7 30. Be4 Nf6 31. Bg2 h5 32. c4 bxc4 33. Qxc4 Ng4 34.
b4 Be3 35. Bf3 Bxg1 36. Bxg4 Ba7 37. Be6 a5 38. Qc6 Qb6 39. Qxb6 Bxb6 40. bxa5
Bxa5 1/2-1/2

[Event "Russian Higher League"]
[Site "Tyumen RUS"]
[Date "2012.06.16"]
[Round "1"]
[White "Nepomniachtchi, I."]
[Black "Panarin, M."]
[Result "1/2-1/2"]
[WhiteElo "2716"]
[BlackElo "2538"]
[PlyCount "104"]
[EventDate "2012.06.16"]

1. c4 Nf6 2. Nc3 e6 3. e4 d5 4. e5 d4 5. exf6 dxc3 6. bxc3 Qxf6 7. d4 c5 8. Nf3
cxd4 9. Bg5 Qf5 10. cxd4 Bb4+ 11. Bd2 Qa5 12. Rb1 Bxd2+ 13. Qxd2 Qxd2+ 14. Kxd2
b6 15. Ke3 Nd7 16. a4 Ba6 17. Be2 Ke7 18. Rhc1 Rhc8 19. a5 bxa5 20. Ra1 Nb6 21.
Nd2 a4 22. Bf3 Rab8 23. c5 Nd5+ 24. Bxd5 exd5 25. Rxa4 Rc6 26. Nf3 Re6+ 27. Kd2
Rb2+ 28. Kc3 Rxf2 29. Rc2 Rxc2+ 30. Kxc2 f6 31. Nd2 Kd7 32. Nb1 Re2+ 33. Kd1
Bd3 34. Ra3 Bc4 35. Rxa7+ Kc6 36. Rxg7 Re4 37. Nd2 Rxd4 38. Rxh7 Kxc5 39. Rh6
Rf4 40. Ke1 Bb5 41. Rh5 Kd6 42. Nf3 Ra4 43. Rh6 Ke6 44. Rh8 Bd3 45. Nd2 Ra2 46.
Re8+ Kf5 47. Re3 Ba6 48. Rf3+ Ke5 49. Re3+ Kf5 50. Rf3+ Ke5 51. Re3+ Kd6 52.
Rf3 Ke5 1/2-1/2